000 00825nmm a2200253 a 4500
001 ocm000701130
003 TR-IsHL
005 20201028125322.0
008 110704s1968 tu tur
007 cr cn
035 _a701130
_b(N$T)
050 0 4 _aHF1542.3.Z4
_bÇ45 1968
090 0 4 _aHF1542.3.Z4
_bÇ45 1968
245 1 0 _aÇekoslovakya
_h[electronic resource]
250 _a1. bs.
260 _aİstanbul :
_bİstanbul Ticaret Odası,
_c1968
300 _a23 p.
650 4 _aEkonomi ve Finans
650 4 _aEconomics and Finance
650 0 _aÇek Cumhuriyeti
_x Ekonomik koşullar
650 0 _aCzech Republic
_x Economic conditions
650 7 _aBUSINESS & ECONOMICS / Economic Conditions
_2bisacsh
856 4 0 _uhttp://search.ebscohost.com/login.aspx?direct=true&scope=site&db=e011xww&AN=701130
999 _c3419
_d3419